Pays commençant par S - Statistiques

Statistiques générales
  • Ce quiz a été pris 119 fois
  • Le résultat moyen est 15 sur 22
Statistiques - réponses
Réponse % Correct
Suède
88%
Suisse
86%
Soudan
84%
Slovaquie
82%
Slovénie
82%
Suriname
80%
Syrie
77%
Serbie
76%
Somalie
72%
Soudan du sud
71%
Seychelles
66%
Sainte-Lucie
64%
Saint-Marin
63%
Sénégal
62%
Sri Lanka
62%
Salvador
59%
Saint-Christophe
56%
Saint-Vincent
56%
Samoa
56%
Singapour
56%
Sao-Tomé-et-Principe
54%
Sierra Leone
54%
Aucun quiz correspondant
Distribution des résultats
% des personnes avec chaque résultat
Percentile par nombre de réponses
Votre historique - résultats
Vous n’avez pas pris ce quiz